Necesaria y oportuna reforma electoral
Guardat en:
| Format: | Text |
|---|---|
| Matèries: | |
| Etiquetes: |
Afegir etiqueta
Sense etiquetes, Sigues el primer a etiquetar aquest registre!
|
MARC
| LEADER | 00000 a a2200000 04500 | ||
|---|---|---|---|
| 001 | 5982 | ||
| 003 | |||
| 040 | |||
| 245 | |a Necesaria y oportuna reforma electoral | ||
| 650 | |a ELECCIONES | ||
| 650 | |a SISTEMAS ELECTORALES | ||
| 650 | |a REGISTRO CIVIL | ||
| 650 | |a PARTIDOS POLITICOS | ||
| 650 | |a PLURALISMO POLITICO | ||
| 650 | |a DEMOCRACIA | ||
| 650 | |a VOTACION | ||
| 773 | |g volumen 16, número 670; páginas 4-5 | ||
| 999 | |c 22582 |d 22582 | ||
